Fußball: Vereine, die nie in der Bundesliga gespielt haben - Statistiken

Allgemein
  • Dieses Quiz wurde 1.511 mal gespielt
    795 seit der letzten Aktualisierung
  • Das Durchschnittsergebnis liegt bei 10 aus 14
Antwortstatistiken
Beschreibung Verein % Korrekt
Der Verein aus der größten deutschen Stadt, die nie einen Bundesligisten hatte (und die sogar mal Hauptstadt war), stand nie kurz vor der Erstklassigkeit und verbrachte auch nur ein Jahr in der 2. Bundesliga. {Bonner} SC
94%
Der in violett spielende Verein scheiterte in den 60ern und 70ern mehrfach knapp in der Aufstiegsrunde; heute pendelt er eher zwischen 3. und 2. Liga. VfL {Osnabrück}
94%
Der Verein aus der zweitgrößten Stadt Schleswig-Holsteins nahm 1969 an der Aufstiegsrunde zur Bundesliga teil; in jüngerer Zeit war Platz 11. in der 2. Bundesliga 2002/03 der größte Erfolg. VfB {Lübeck}
82%
1925 war der Verein Deutscher Vizemeister, 2013 kam man mit Platz 4 in der 2. Bundesliga der Erstklassigkeit am nächsten; aus dem Schatten des übermächtigen Stadtrivalen konnte man jedoch nie treten. FSV {Frankfurt}
76%
Ebenfalls ein mehrmaliger DDR-Meister und sogar Sieger im Europapokal der Pokalsieger 1974 ist dieser Verein, der es in den letzten Jahren zumindest zweimal in die 2. Bundesliga geschafft hat. 1. FC {Magdeburg}
75%
Zwar gewann der Berliner Verein zehnmal hintereinander die DDR-Meisterschaft, konnte sich bei der Zusammenlegung der Ligen jedoch nicht für den gesamtdeutschen Profifußball qualifizieren. BFC {Dynamo}
73%
Im Gegensatz zum Stadtrivalen SC war dieser Verein bereits einmal Deutscher Meister (1907), 1969 scheiterte man knapp in der Aufstiegsrunde zur Bundesliga; seit den 1990ern hat sich stattdessen der SC in der 1. Liga etabliert. {Freiburger} FC
73%
Dieser Verein gewann 1949 überraschend die Deutsche Meisterschaft, gehörte aber schnell nicht mehr zu den Top-Mannschaften, und spätestens in den 70ern lief ihnen Stadtrivale Waldhof den Rang ab. VfR {Mannheim}
73%
Aus Thüringen kam nie ein Bundesligist; von der Tradition her könnte es dieser dreimalige DDR-Meister und Europapokal-Finalist von 1981 sein. FC {Carl} {Zeiss} {Jena}
68%
Der fränkische Verein scheiterte 1979 in Relegationsspielen gegen Uerdingen am Aufstieg in die Bundesliga; 2022 gelang immerhin wieder der Aufstieg in die 3. Liga. SpVgg {Bayreuth}
56%
Der Verein spielt erst seit dem Umzug aus einer Nachbargemeinde 2007 in der Landeshauptstadt, die zuvor keinen Proficlub hatte; beste Platzierung bisher war Platz 8 in der 2. Bundesliga. SV {Wehen} {Wiesbaden}
55%
1966 scheiterte der Verein aus Rheinland-Pfalz nur aufgrund des Torverhältnisses am Aufstieg in die Bundesliga; seit 1978 hat er nicht mehr in den Profiligen gespielt. FK {Pirmasens}
50%
Der Verein scheiterte zwischen 1983 und 86 jeweils sehr knapp am Aufstieg in die Bundesliga. KSV {Hessen} {Kassel}
48%
Der Verein aus Ostwestfalen hatte in den 90ern einen kurzen Höhenflug in der 2. Bundesliga und scheiterte 1998 nur knapp am Aufstieg, musste jedoch kurz danach Insolvenz anmelden. FC {Gütersloh}
35%
Keine übereinstimmenden Quizze gefunden
Verteilung der Resultate
Anzahl Personen mit jedem Resultat
Perzentil nach korrekt beantworteten Fragen
Ihre Resultats-Entwicklung
Sie haben dieses Quiz seit der letzten Aktualisierung nicht gespielt